000 00640nam a22001577a 4500
003 OSt
005 20151212144321.0
008 151212b xxu||||| |||| 00| 0 eng d
040 _cRUA
082 _aATM.s CHH 2004 B212 Or.1
100 _94764
_aCHHUTH, SOTHAUN.
245 _aCommunity based rice seed production in roleabier district kampong chhnang province, ផលិតកម្មពូជស្រូវជាលក្ខណៈសហគមន៍នៅស្រុករលាប្អៀរ ខេត្តកំពង់ឆ្នាំង
260 _aPhnom Penh
_bRUA
_c2004
300 _aix; 50p.
_bill.
_c29cm.
942 _2ddc
_cATMSP
999 _c4439
_d4439